La maschera di Epicuro sul volto dell'avversario in tema di provvidenza e piacere nello scritto di Plotino, Contro gli Gnostici: alcuni paralleli con Celso, Attico, Alessandro di Afrodisia e 'Ippolito di Roma'

Saved in:  
Bibliographic Details
Main Author: Longo, Angela (Author)
Format: Print Article
Language:Italian
Check availability: HBZ Gateway
Interlibrary Loan:Interlibrary Loan for the Fachinformationsdienste (Specialized Information Services in Germany)
Published: 2016
In: Formen und Nebenformen des Platonismus in der Spätantike
Year: 2016, Pages: 81-108

MARC

LEADER 00000naa a22000002c 4500
001 1743162898
003 DE-627
005 20201218045047.0
007 tu
008 201218s2016 xx ||||| 00| ||ita c
020 |a 9783825366964 
035 |a (DE-627)1743162898 
035 |a (DE-599)KXP1743162898 
040 |a DE-627  |b ger  |c DE-627  |e rda 
041 |a ita 
084 |a 0  |2 ssgn 
100 1 |e VerfasserIn  |0 (DE-588)1113305118  |0 (DE-627)867171944  |0 (DE-576)18655687X  |4 aut  |a Longo, Angela 
109 |a Longo, Angela 
245 1 3 |a La maschera di Epicuro sul volto dell'avversario in tema di provvidenza e piacere nello scritto di Plotino, Contro gli Gnostici  |b alcuni paralleli con Celso, Attico, Alessandro di Afrodisia e 'Ippolito di Roma' 
264 1 |c 2016 
336 |a Text  |b txt  |2 rdacontent 
337 |a ohne Hilfsmittel zu benutzen  |b n  |2 rdamedia 
338 |a Band  |b nc  |2 rdacarrier 
773 0 8 |i Enthalten in  |t Formen und Nebenformen des Platonismus in der Spätantike  |b 1. Auflage  |d Heidelberg : Universitätsverlag Winter, 2016  |g (2016), Seite 81-108  |h 424 Seiten  |w (DE-627)86671992X  |w (DE-576)480105235  |z 9783825366964  |z 3825366960  |7 nnam 
773 1 8 |g year:2016  |g pages:81-108 
935 |a mteo 
951 |a AR 
ELC |b 1 
LOK |0 000 xxxxxcx a22 zn 4500 
LOK |0 001 3826974581 
LOK |0 003 DE-627 
LOK |0 004 1743162898 
LOK |0 005 20201218045047 
LOK |0 008 201218||||||||||||||||ger||||||| 
LOK |0 035   |a (DE-Tue135)86671992X_2016_81 
LOK |0 040   |a DE-Tue135  |c DE-627  |d DE-Tue135 
LOK |0 092   |o n 
LOK |0 852   |a DE-Tue135 
LOK |0 852 1  |9 00 
LOK |0 935   |a imwa  |a ixau  |a rwrk 
LOK |0 939   |a 18-12-20  |b l01 
ORI |a SA-MARC-ixtheoa001.raw 
REL |a 1 
SUB |a REL